04473nam a2200337uu 4500001000800000005001700008008004100025020001800066035001200084040001300096041000800109082000800117100009000125245008600215250001700301260004600318300003600364490002800400505128800428520194301716650004603659650004403705650003203749650004803781650003903829650005503868650004403923650003903967700009404006700003504100152174220260508093613.0190320s2018 spa  a9789585980679 a1521742 ccomduadb aspa 4a98610aTovar Zambrano, Bernardo,d1944-4aut0(isni)0000 0000 3390 17700(viaf)56701133eaut10aPensar la región : ensayos de historia económica, social y cultural del Huila a1. edición aBogotá :bEditorial Gente Nueva,c2018. a536 páginas :bilustraciones.0 aColección : Homenajes aCONTENIDO : Presentación. -- Prologo. -- I. Procesos económicos y sociales. -- Conquista española y resistencia indígena. Las provincias de Timaná, Neiva y La Plata durante el siglo XVI. --La provincia de Neiva en el contexto de la economía del Virreinato. -- La economía huilense durante el siglo XIX: los productos de exportación. -- La lenta transformación socioeconómica de Neiva y la región durante la primera mitad del siglo XX. -- La economía huilense entre la tradición y la modernidad (1900-1960). -- II. Cultura festiva. -- Neiva de fiesta: identidad y goce urbano. -- De San Juan y San Pedro al festival moderno. -- III. Región, tradición e identidad. -- La guerra de la Gaitana: historia, leyenda y mito. -- El Huila al final del siglo: historia, identidad y utopía. -- El Huila, el ordenamiento territorial y la región Surcolombiana. -- IV. HIstoriografía huilense. -- Introducción a la Historia general de Huila (Volúmenes 1-5). -- Presentación de la Historia general del Huila (Volumen 6). -- Presentación de la Historia comprehensiva de Neiva. -- Breve reseña de la historiografía huilense. -- El nombre propio como símbolo. Joaquín García Borrero y la Primera Bienal de Ensayo. -- El Huila es un destino común.3 a"Reúne los principales trabajos que su autor, ha escrito sobre la historia del Huila. Comprende diversos ensayos que abordan temáticas como las siguientes: los procesos económicos y sociales de la conquista española (siglo XVI) centrados en las provincias de Timaná, Neiva y La Plata; la descripción económicos más sobresalientes que presentaban la provincia en el siglo XIX, con especial referencia a los productos de exportación; y, de modo bastante detallado, el desarrollo de la economía huilense durante la primera mitad XX, que se movía entre la tradición y la modernización. A continuación, el texto se ocupa de las prácticas festivas. Se estudian aquí las tradiciones fiestas de San Juan y San Pedro, y el moderno Festival Folclórico y Reinado Nacional del Bambuco, que es uno de los componentes de mayor singularidad del Huila en el contexto nacional. Seguidamente, el autor describe el interesante tema de la antigua cultura ecuestre y pastoril, la del hombre de a caballo, íntimamente vinculada a la economía ganadera que en el pasado caracterizaba buena parte de las haciendas. Correspondiendo a la narración de la Conquista, el autor se ocupa de la gesta de La Gaitana, que no tiene parangón en la historia de la Conquista de América. El recorrido por aquellos elementos socioeconómicos y culturales busca confluir en la concepción del Huila como región. Así mismo, la noción de lo regional se relaciona con el debate sobre la cuestión del reordenamiento territorial y la conformación de la Región Surcolombiana. Ampliando el radio de la morada histórica, emerge la memoria acerca de los huilenses que abrieron la colonización del Caquetá y del piedemonte andino-amazónico. Cerrado el texto se encuentra una aproximación a la historiografía huilense, con referencias a los autores que han hecho sus aportes al conocimiento de nuestra historia regional." aHuila (Colombia) - Condiciones economicas aHuila (Colombia) - Condiciones sociales aHuila (Colombia) - Historia aHuila (Colombia) - Vida social y costumbres aNeiva (Huila, Colombia) - Historia aNeiva (Huila, Colombia) - Vida social y costumbres aHistoria económica - Huila (Colombia) aCultura popular - Huila (Colombia)10aRodríguez Jiménez, Pablo,d1955-4aui0(isni)0000 0000 8016 68520(viaf)91670861eaui10aSalas Vargas, Reynel4auieaui